000 00648nam a2200229Ia 4500
003 OSt
005 20221007071656.0
006 a|||||r|||| 00| 0
007 ta
008 221006b |||||||| |||| 00| 0 eng d
024 _a12,960
037 _cTextual
040 _aFLL
_cFLL
_beng
041 _2eng
_aeng
082 _aV5:91.N, M0
100 _aCarstairs Andrew McLaren
_9113888
245 0 _aShort history of electoral systems in western europe
260 _aLondon
_bGeorge Allen & Unwin London
_c1980
300 _a236p
_ccm.
942 _hV5:91.N, M0
_cTEXL
_2CC
999 _c1143956
_d1143956